| 000 | 01006nac a22002651i 4500 | ||
|---|---|---|---|
| 003 | EG-ScBUE | ||
| 005 | 20260513091522.0 | ||
| 008 | 101110s1970 ua a frbd 000 0 ara d | ||
| 040 |
_aEG-ScBUE _bara _erda _cEG-ScBUE _dEG-ScBUE |
||
| 082 | 0 | 4 |
_a511.3 _bإ س ل _222 |
| 100 | 1 |
_aإسلام، عزمي، _921154 _eمؤلف. |
|
| 245 | 1 | 0 |
_aأسس المنطق الرمزي / _cتأليف الدكتور عزمي إسلام. |
| 264 | 1 |
_aالقاهرة : _bمكتبة الأنجلو المصرية، _c1970. |
|
| 300 |
_aح، 386 صفحة : _bإيضاحيات ؛ _c24 سم |
||
| 336 |
_2rdacontent _aنص _btxt |
||
| 337 |
_aبدون وسيط _2rdamedia _bn |
||
| 338 |
_aمجلد _bnc _2rdacarrier |
||
| 500 | _aيشتمل على قائمة بالرموز. | ||
| 504 | _aيشتمل على إرجاعات ببليوجرافية. | ||
| 650 | 7 |
_aالمنطق. _2BUEsh |
|
| 650 | 7 |
_aالإستقراء. _2BUEsh |
|
| 650 | 7 |
_aالإستدلال. _2BUEsh |
|
| 655 | _vReading book | ||
| 942 |
_cBB _k511.3 إ س ل _2ddc |
||
| 999 |
_c7232 _d7232 |
||